| 000 | 00593nam a22001817a 4500 | ||
|---|---|---|---|
| 999 |
_c171125 _d171125 |
||
| 005 | 20200107113733.0 | ||
| 010 | _aENG-127318 | ||
| 020 |
_a9789386519207 _c200.00 |
||
| 035 | _aEN-110850 | ||
| 037 | _bDBAD/PUB | ||
| 082 | _a580 | ||
| 100 | _aRagland,Annie | ||
| 245 |
_aMorphology of angiosperms,taxonomy and economic botany/ _cby Annie Ragland [and]V.Kumaresan |
||
| 260 |
_aKanyakumari _bSaras publication _c2018 |
||
| 270 |
_a114/35G,A.R.P.Camp Road,Periavilai,Kottar P.O,Nagercoil _bKanyakumari _e629002 |
||
| 300 |
_a371p. _c23cm(pbk) |
||
| 942 |
_2ddc _cEN _mRAG _h580 |
||